000 00806cam a2200241 4500
001 WB3542-15
008 000000n1999 000 0 eng u
035 _a(Sirsi) u101017
245 _aProperty firm builds world brand
260 _c1999
490 _aSunday Times
_v24 October 1999, [3] 13(3)
520 _aDiscusses the recently established property development company Yoo, which aims to develop loft apartments to be sold internationally which will feature interior design by Philippe Starck.
590 _aWB
650 _aYOO
650 _aMANHATTAN LOFT
650 _aLOFT APARTMENTS
650 _aPROPERTY DEVELOPERS
650 _aPROPERTY COMPANIES
650 _aRESIDENTIAL PROPERTY
_96266
650 _aPHILIPPE STARCK
690 _aPROPERTY-PROPERTY DEVELOPMENT
942 _n0
999 _c60280
_d60280